001830000a220007300045001000022000002450037000223000033000597730017000921 aSchluter, Michael10aWhat kind of Britain do we want? aNúm 50 (2001), Páginas 10 tJubilee news